000 01263cam a2200265 4500
001 ABS63194
008 000000n2000 000 0 eng u
035 _a(Sirsi) u109494
100 _aBrown, J
245 4 _aThe avoidance of Part II of the Landlord and Tenant Act 1954
260 _c2000
490 _aRent Review and Lease Renewal
_vSeptember(3), 155-161(4)
520 _aExamines how parties to commercial occupancy agreements may actively try to avoid the lease renewal process given to business tenants by the Landlord and Tenant Act 1954 Part II. Discusses the range of methods used for this purpose which include: licence agreements; tenancies at will; short term leases not exceeding six months; express agreements to contract out of Part II. Concludes with a review of the Law Commission's proposals for reforming the current procedure for contracting out of Part II of the Act. Case law.
590 _aABS
650 _aCONTRACTING OUT
650 _aBUSINESS TENANCIES
650 _aREFORM
650 _aLICENCE AGREEMENTS
650 _aLANDLORD AND TENANT ACT 1954 PART II
650 _aLAW COMMISSION
650 _aSHORT LEASES
650 _aTENANCY AT WILL
690 _aLANDLORD AND TENANT-BUSINESS TENANCIES
942 _n0
999 _c65372
_d65372